000 00876nam a22002657a 4500
001 9477
003 FISKH
005 20260114091431.0
008 260114b cb ||||| |||| 00| 0 eng d
020 _a1880892588
040 _aFISKH
_beng
_cFISKH
_dFISKH
050 _aPZ7
100 _aNichols , Yuriko
245 _aTry a kite :
_bSuccessful reading for beginners /
_cWritten by Yuriko Nichols : Illustrations by Ron Wheeler
260 _aMelrose , FL :
_bCommon Sense Press ,
_c1998 .
300 _a10 pages :
_billustrations ;
_c14 X 21 cm .
490 _aLong Vowel Reader
_vBook 6
505 _aE
520 _aThese 28 readers go along with Learning Language Arts Through Literature, Grade 1.
521 8 _a200
_bLexile estimate
521 8 _aE
_bRaz-Plus
700 _aWheeler , Ron
_eIllustrator
942 _2ddc
_cBK
_n0
999 _c9477
_d9477